2023-2024 Top 5 Offensive Players By Position - Statistics

General Stats
  • This quiz has been taken 82 times
  • The average score is 13 of 35
Answer Stats
Group # Answer % Correct
QB 1 Patrick Mahomes
100%
QB 2 Josh Allen
94%
WR 2 Justin Jefferson
90%
TE 1 Travis Kelce
87%
WR 1 Tyreek Hill
83%
QB 4 Joe Burrow
79%
QB 3 Lamar Jackson
79%
RB 1 Christian McCaffrey
67%
TE 2 George Kittle
67%
TE 3 Mark Andrews
63%
WR 3 Davante Adams
57%
RB 3 Derrick Henry
56%
CENTER 1 Jason Kelce
56%
QB 5 Justin Herbert
54%
WR 5 Cooper Kupp
44%
RB 4 Saquon Barkley
43%
TACKLE 2 Trent Williams
40%
WR 4 Stefon DIggs
35%
RB 2 Nick Chubb
32%
RB 5 Josh Jacobs
29%
TE 4 T.J. Hockenson
27%
GUARD 2 Quenton Nelson
13%
CENTER 2 Frank Ragnow
10%
TACKLE 1 Lane Johnson
6%
CENTER 3 Creed Humphrey
3%
GUARD 1 Zach Martin
3%
TACKLE 5 Tristan Wirfs
2%
GUARD 3 Chris Lindstrom
0%
CENTER 5 Cory Linsley
0%
TE 5 Dallas Goedert
0%
GUARD 4 Joel Bitonio
0%
GUARD 5 Joe Thuney
0%
TACKLE 3 Laremy Tunsil
0%
CENTER 4 Ryan Jensen
0%
TACKLE 4 Terron Armstead
0%
No matching quizzes found
Score Distribution
Percent of People with Each Score
Percentile by Number Answered
Your Score History
You have not taken this quiz